[Event "Reykjavik Open 2015"]
[Site "Reykjavik ISL"]
[Date "2015.03.13"]
[Round "5.92"]
[White "Steinthorsson, Felix"]
[Black "Haraldsson, Haraldur"]
[Result "0-1"]
[WhiteElo "1634"]
[BlackElo "1948"]
[WhiteFideId "2310040"]
[BlackFideId "2311100"]
[EventDate "2015.03.10"]

1. d4 Nf6 2. Bg5 c5 3. Bxf6 gxf6 4. dxc5 Na6 5. c3 Nxc5 6. Nf3 d5 7. e3 a6 8.
Nbd2 b5 9. Be2 e5 10. O-O Be6 11. Nb3 Na4 12. Qc2 Bd6 13. Nbd2 Rc8 14. Rfc1 f5
15. Qb1 Rg8 16. Bd1 Nc5 17. Bc2 e4 18. Nd4 Qg5 19. g3 f4 20. Nxe6 fxe6 21. Kh1
fxg3 22. hxg3 Bxg3 0-1

[Event "Reykjavik Open 2015"]
[Site "Reykjavik ISL"]
[Date "2015.03.13"]
[Round "5.93"]
[White "Klausen, Kris"]
[Black "Sigurdsson, Birkir Karl"]
[Result "1/2-1/2"]
[WhiteElo "1937"]
[BlackElo "1767"]
[WhiteFideId "1445570"]
[BlackFideId "2304180"]
[EventDate "2015.03.10"]

1. d4 Nf6 2. Nc3 e6 3. Bf4 Bb4 4. Qd3 d5 5. f3 c5 6. O-O-O c4 7. Qd2 Qa5 8. Kb1
Nc6 9. e3 Bxc3 10. Qxc3 Qxc3 11. bxc3 Ke7 12. g4 h6 13. Ne2 g5 14. Bg3 h5 15.
gxh5 Nxh5 16. Bf2 Nf6 17. h4 g4 18. Bg2 b5 19. Bg3 Nh5 20. fxg4 Nxg3 21. Nxg3
Rb8 22. a3 a5 23. Kc1 b4 24. axb4 axb4 25. cxb4 Nxb4 26. Ne2 c3 27. Nxc3 Bd7 28.
Kd2 Rhc8 29. Rb1 Ba4 30. Rb2 Bxc2 31. Rxc2 Nxc2 32. Kxc2 Ra8 33. Rb1 Ra3 34. Rb3
Ra2+ 35. Rb2 Ra3 1/2-1/2

[Event "Reykjavik Open 2015"]
[Site "Reykjavik ISL"]
[Date "2015.03.13"]
[Round "5.94"]
[White "Halldorsson, Haukur"]
[Black "Andersen, Niels Erik"]
[Result "0-1"]
[WhiteElo "1575"]
[BlackElo "1900"]
[WhiteFideId "2305089"]
[BlackFideId "1406507"]
[EventDate "2015.03.10"]

1. e4 c5 2. Nf3 d6 3. d4 cxd4 4. Nxd4 Nf6 5. Nc3 a6 6. a4 e6 7. Be3 Be7 8. Be2
Bd7 9. O-O O-O 10. Nb3 Nc6 11. f3 Rc8 12. Kh1 Qc7 13. Qe1 Nb4 14. Bd3 d5 15.
exd5 Nfxd5 16. Nxd5 exd5 17. Qf2 Nxd3 18. cxd3 Qe5 19. Bd4 Qg5 20. f4 Qf5 21.
Rfe1 Bf6 22. Bxf6 Qxf6 23. Nd4 Rfe8 24. b3 Qb6 25. h3 g6 26. Rac1 Rxe1+ 27. Rxe1
Qc5 28. Re2 Qb4 29. Kh2 Qd6 30. g3 Qf6 31. Re5 Qb6 32. Rxd5 Be6 33. Re5 Rc3 34.
Qe3 Qd6 35. g4 Bxb3 36. Qe4 Bxa4 37. Rd5 Qb6 38. Kg3 Rc8 39. Re5 Qb1 40. Nf3 Bc6
41. Qc4 Rd8 42. d4 Qd1 0-1

[Event "Reykjavik Open 2015"]
[Site "Reykjavik ISL"]
[Date "2015.03.13"]
[Round "5.95"]
[White "Magnusdottir, Veronika Steinunn"]
[Black "Jonsson, Olafur Gisli"]
[Result "1-0"]
[WhiteElo "1571"]
[BlackElo "1899"]
[WhiteFideId "2309114"]
[BlackFideId "2302705"]
[EventDate "2015.03.10"]

1. e4 e5 2. Nf3 Nc6 3. Bc4 Nf6 4. d3 Bc5 5. O-O a6 6. c3 Ba7 7. Re1 d6 8. Nbd2
Na5 9. h3 h6 10. a4 Nxc4 11. Nxc4 Be6 12. Ne3 Qd7 13. b4 g5 14. Nh2 O-O-O 15.
Qf3 Nh7 16. Nf5 h5 17. Qxh5 Rdg8 18. Qf3 g4 19. Nxg4 Ng5 20. Bxg5 Rxg5 21. h4
Rg6 22. g3 Rhg8 23. Ngh6 Bxf5 24. Nxf5 Rg4 25. Kf1 R4g6 26. Qd1 Kb8 27. Qb3 Re6
28. f3 Qc6 29. a5 Qb5 30. Ke2 c5 31. Rab1 Qc6 32. b5 axb5 33. Qxb5 Kc7 34. Qxc6+
Kxc6 35. h5 Ree8 36. h6 Bb8 37. Rb6+ 1-0

[Event "Reykjavik Open 2015"]
[Site "Reykjavik ISL"]
[Date "2015.03.13"]
[Round "5.96"]
[White "Sandberg, Martin"]
[Black "Gasanova, Ulker"]
[Result "1/2-1/2"]
[WhiteElo "1889"]
[BlackElo "1645"]
[WhiteFideId "1707159"]
[BlackFideId "2302055"]
[EventDate "2015.03.10"]

1. e4 c5 2. Nf3 d6 3. d4 cxd4 4. Nxd4 Nf6 5. Nc3 a6 6. Bg5 e6 7. f4 Be7 8. Qf3
Qc7 9. O-O-O b5 10. e5 Bb7 11. Qe2 dxe5 12. fxe5 Nd5 13. Bxe7 Nxc3 14. bxc3 Qxe7
15. Kb2 O-O 16. Qh5 Rd8 17. Bd3 g6 18. Qg4 Nc6 19. Nf3 Rac8 20. Qf4 Qc5 21. Rhf1
b4 22. c4 Ne7 23. Kb1 Nf5 24. Rde1 a5 25. g4 Bxf3 26. Rxf3 Rd4 27. Qd2 Rxg4 28.
Rh3 Rg1 29. Bxf5 Rxe1+ 30. Qxe1 exf5 31. Qh4 h5 32. e6 fxe6 33. Qf6 Qxc4 34.
Qxg6+ Kf8 35. Qh6+ Ke7 36. Qg5+ Kd6 37. Rd3+ Kc5 38. Qxh5 1/2-1/2

[Event "Reykjavik Open 2015"]
[Site "Reykjavik ISL"]
[Date "2015.03.13"]
[Round "5.97"]
[White "Kenney, David"]
[Black "Davidsdottir, Nansy"]
[Result "1/2-1/2"]
[WhiteElo "1885"]
[BlackElo "1641"]
[WhiteFideId "2617064"]
[BlackFideId "2309491"]
[EventDate "2015.03.10"]

1. c4 c6 2. d4 d5 3. e3 Nf6 4. Nc3 e6 5. Nf3 Nbd7 6. Bd3 b6 7. O-O Bb7 8. Re1
Be7 9. b3 Rc8 10. Bb2 O-O 11. Rc1 Qc7 12. e4 dxe4 13. Nxe4 c5 14. dxc5 Nxe4 15.
Bxe4 Bxe4 16. Rxe4 Nxc5 17. Re2 Rcd8 18. Qc2 Nd3 19. Rf1 Nxb2 20. Qxb2 Bf6 21.
Qc2 Rd7 22. Rd1 Rfd8 23. Red2 Rxd2 24. Rxd2 Rxd2 25. Qxd2 Qc6 26. h3 h6 27. Qd3
Kf8 28. Kf1 Ke7 29. Nd2 Qc5 30. Ne4 Qe5 31. a4 Qa1+ 32. Ke2 Qb2+ 33. Kf3 Qe5 34.
Nxf6 Qxf6+ 35. Ke2 Qb2+ 36. Kf3 Qf6+ 37. Ke2 Qb2+ 38. Kf3 1/2-1/2

[Event "Reykjavik Open 2015"]
[Site "Reykjavik ISL"]
[Date "2015.03.13"]
[Round "5.98"]
[White "Milvang, Otto"]
[Black "Ugland, Torge"]
[Result "1/2-1/2"]
[WhiteElo "1872"]
[BlackElo "1636"]
[WhiteFideId "1511360"]
[BlackFideId "1508873"]
[EventDate "2015.03.10"]

1. e4 e5 2. Nf3 Nc6 3. Bb5 a6 4. Ba4 Bc5 5. Nxe5 Nxe5 6. d4 Bd6 7. dxe5 Bxe5 8.
O-O Qf6 9. c3 c6 10. Bb3 Bc7 11. f4 Nh6 12. Be3 Qe7 13. Nd2 d6 14. Kh1 Be6 15.
Bxe6 fxe6 16. f5 Nf7 17. Qh5 exf5 18. exf5 O-O-O 19. Rae1 Qd7 20. Bd4 Ne5 21.
Ne4 g6 22. Qh3 Rhf8 23. Ng3 Rf7 24. Ne4 gxf5 25. Ng3 f4 26. Qxd7+ Kxd7 27. Nh5
Rdf8 28. Re2 f3 29. Ref2 fxg2+ 30. Kxg2 Rxf2+ 31. Rxf2 Rxf2+ 32. Bxf2 Bd8 33.
Be3 d5 34. Bd4 Nd3 35. b4 b6 36. Nf6+ Bxf6 37. Bxf6 c5 38. a3 Ke6 39. Bd8 cxb4
40. axb4 b5 41. Bb6 Nb2 42. Kf3 Nc4 43. Bd4 Kf5 44. h4 a5 45. bxa5 Nxa5 46. h5
Kg5 47. h6 Kxh6 48. Kf4 Nc6 49. Bc5 Kg6 50. Kg4 Kf6 51. Kh5 Ke5 52. Kh6 Ke4 53.
Bf8 Kd3 54. Bg7 d4 55. cxd4 Nxd4 56. Bf8 Kc4 57. Kxh7 Kb3 58. Kg6 Kc4 59. Kh5
Ne6 60. Ba3 Nf4+ 61. Kg4 Nd3 62. Kf3 Nb4 63. Ke2 Kb3 64. Bc1 Na2 65. Bd2 Nc3+
66. Kd3 b4 67. Be1 Kb2 68. Kc4 1/2-1/2

[Event "Reykjavik Open 2015"]
[Site "Reykjavik ISL"]
[Date "2015.03.13"]
[Round "5.99"]
[White "Hauksson, Hordur Aron"]
[Black "Ragnarsson, Heimir Pall"]
[Result "1-0"]
[WhiteElo "1853"]
[BlackElo "1497"]
[WhiteFideId "2303680"]
[BlackFideId "2308860"]
[EventDate "2015.03.10"]

1. d4 Nf6 2. Nf3 g6 3. c4 c5 4. d5 b5 5. cxb5 a6 6. b6 Qxb6 7. Nc3 d6 8. g3 Bg7
9. Bg2 O-O 10. O-O Nbd7 11. Rb1 Ng4 12. Nd2 Nge5 13. h3 Nf6 14. b3 Bb7 15. Nc4
Nxc4 16. bxc4 Qa5 17. Bd2 Qc7 18. Na4 Nd7 19. Qe1 Bxd5 20. Bxd5 Rab8 21. Bc3
Rxb1 22. Qxb1 Rb8 23. Qc2 Bxc3 24. Nxc3 Qa5 25. Be4 Ne5 26. Bf3 Nxc4 27. Nd5 Ne5
28. Nxe7+ Kf8 29. Nc6 Nxc6 30. Bxc6 Qb6 31. Bd5 Qb2 32. Rc1 Qd4 33. Qc4 Rb4 34.
Qxd4 Rxd4 35. e4 f5 36. Bb7 fxe4 37. Bxa6 Ra4 38. Bc4 Ke7 39. Kf1 Kf6 40. Ke2
Ke5 41. Bb3 Rd4 42. Rd1 Rxd1 43. Kxd1 d5 44. Ba4 d4 45. Bb5 d3 46. a4 Kd6 47. f3
c4 48. fxe4 Kc5 49. e5 1-0

[Event "Reykjavik Open 2015"]
[Site "Reykjavik ISL"]
[Date "2015.03.13"]
[Round "5.101"]
[White "Kravchuk, Mykhaylo"]
[Black "Birkisson, Bardur Orn"]
[Result "0-1"]
[WhiteElo "1475"]
[BlackElo "1839"]
[WhiteFideId "2310007"]
[BlackFideId "2310597"]
[EventDate "2015.03.10"]

1. d4 Nf6 2. Nf3 e6 3. e3 b6 4. Bd3 Bb7 5. O-O Be7 6. c4 O-O 7. Nc3 d5 8. b3 c5
9. dxc5 Bxc5 10. Bb2 Nc6 11. a3 dxc4 12. Bxc4 Qxd1 13. Raxd1 Na5 14. Ne5 Nxc4
15. Nxc4 Rfd8 16. Nb5 Bd5 17. Bd4 Bxc4 18. bxc4 Bxd4 19. Rxd4 Rxd4 20. Nxd4 Rc8
21. Rc1 Ne4 22. Nb3 Kf8 23. f3 Nc5 24. Nd4 Nd3 25. Rc3 Ne5 26. Nb5 Rxc4 27. Rxc4
Nxc4 28. a4 a6 29. Nc7 a5 30. Nb5 Nxe3 31. Kf2 Nd5 32. Ke2 Nf4+ 33. Kf2 Nd3+ 34.
Ke3 Nc5 35. Nc3 Ke7 36. Kd4 Kd6 37. Kc4 Kc6 38. g4 Nxa4 0-1

[Event "Reykjavik Open 2015"]
[Site "Reykjavik ISL"]
[Date "2015.03.13"]
[Round "5.104"]
[White "Fjallheim, Elmar"]
[Black "Halldorsson, Bragi"]
[Result "0-1"]
[WhiteElo "1678"]
[BlackElo "2140"]
[WhiteFideId "7201095"]
[BlackFideId "2300907"]
[EventDate "2015.03.10"]

1. e4 c6 2. d4 d5 3. exd5 cxd5 4. c4 Nf6 5. Nc3 Nc6 6. Nf3 Bg4 7. cxd5 Nxd5 8.
Be2 e6 9. O-O Be7 10. a3 O-O 11. Re1 Rc8 12. Nxd5 Qxd5 13. Be3 Rfd8 14. Rc1 Bf6
15. Rc5 Qd6 16. Qc2 b6 17. Rc4 h6 18. Ne5 Bf5 19. Rxc6 Bxc2 20. Rxd6 Rxd6 21.
Rc1 Bxe5 22. dxe5 Rdc6 23. Bb5 R6c7 24. Ba6 Rd8 25. Kf1 Bd3+ 26. Bxd3 Rxc1+ 27.
Bxc1 Rxd3 28. Ke2 Rd5 29. f4 g5 30. g3 Kg7 31. Kf3 Kg6 32. h3 Rd3+ 33. Be3 Rb3
34. Ke4 Rxb2 35. g4 gxf4 36. Kxf4 Rb3 37. h4 Rxa3 0-1

[Event "Reykjavik Open 2015"]
[Site "Reykjavik ISL"]
[Date "2015.03.13"]
[Round "5.105"]
[White "Einarsson, Oskar Long"]
[Black "Stuhr, Peter Sebastian"]
[Result "0-1"]
[WhiteElo "1574"]
[BlackElo "1973"]
[WhiteFideId "2309220"]
[BlackFideId "1426729"]
[EventDate "2015.03.10"]

1. e4 d6 2. d4 Nf6 3. Nc3 e5 4. Nf3 Nbd7 5. g4 Nxg4 6. Rg1 Ngf6 7. Bc4 h6 8. Qd3
c6 9. Be3 Qc7 10. dxe5 dxe5 11. Bxf7+ Kxf7 12. Qc4+ Ke8 13. Qe6+ Kd8 14. O-O-O
Qa5 15. Nxe5 Kc7 16. Bf4 Nxe5 17. Bxe5+ Kb6 18. Qb3+ Qb4 19. Qf7 a5 20. Qc7+ Ka6
21. Rd8 Nd7 22. Bf4 g5 23. Be3 Bd6 24. Nd5 cxd5 25. Qxd7 Bxd7 26. Rxd7 Rad8 27.
Rf7 dxe4 28. a3 Qc4 29. Rf6 Qa2 30. Rd1 Qa1+ 31. Kd2 Qxb2 32. Re6 Qxa3 33. Rb1
b5 34. Rb3 Qxb3 35. cxb3 Kb7 36. Ke2 Bf4 37. Rb6+ Kc7 38. Bc5 Rd2+ 39. Kf1 Rd5
40. Rxb5 Kc6 0-1

[Event "Reykjavik Open 2015"]
[Site "Reykjavik ISL"]
[Date "2015.03.13"]
[Round "5.106"]
[White "Undheim, Bjarne"]
[Black "Bogut, Maksymilian"]
[Result "1-0"]
[WhiteElo "1926"]
[BlackElo "1697"]
[WhiteFideId "1506862"]
[BlackFideId "1185810"]
[EventDate "2015.03.10"]

1. e4 e5 2. Nf3 Nc6 3. d4 exd4 4. Bc4 Be7 5. c3 d3 6. O-O d6 7. Bf4 Nf6 8. Qxd3
O-O 9. Na3 Na5 10. Rad1 Nxc4 11. Nxc4 Be6 12. b3 d5 13. exd5 Nxd5 14. Bc1 Bf6
15. Bb2 c5 16. Nce5 Qc7 17. c4 Nb4 18. Qb1 Rad8 19. a3 Nc6 20. Nxc6 Rxd1 21.
Rxd1 Bxb2 22. Ng5 g6 23. Nxe6 fxe6 24. Qxb2 Qxc6 25. Qe5 Re8 26. Qd6 Qxd6 27.
Rxd6 Re7 28. f3 Kf7 29. Kf2 Kf6 30. Ke3 Ke5 31. Rd8 Rc7 32. a4 b6 33. g4 Rf7 34.
h3 Kf6 35. f4 g5 36. Rd3 Kg6 37. fxg5 Kxg5 38. Ke4 h5 39. gxh5 Rf6 40. Rf3 Rxf3
41. Kxf3 Kxh5 42. Ke4 Kh4 43. Ke5 Kxh3 44. Kxe6 Kg4 45. Kd5 Kf5 46. Kc6 Ke5 47.
a5 bxa5 48. Kxc5 a4 49. bxa4 a5 50. Kb6 Kd6 51. c5+ Kd5 52. c6 Kd6 53. c7 1-0

[Event "Reykjavik Open 2015"]
[Site "Reykjavik ISL"]
[Date "2015.03.13"]
[Round "5.107"]
[White "Babijczuk, Wojciech"]
[Black "Meier, Gerd"]
[Result "1-0"]
[WhiteElo "1549"]
[BlackElo "1868"]
[WhiteFideId "1190881"]
[BlackFideId "4682971"]
[EventDate "2015.03.10"]

1. e4 c5 2. Nf3 d6 3. d4 cxd4 4. Nxd4 Nf6 5. Nc3 a6 6. Be2 e5 7. Nf3 h6 8. O-O
Be6 9. Be3 b5 10. a3 Be7 11. h3 O-O 12. Qd2 Qc7 13. Rad1 Rd8 14. Nh2 Nc6 15. Ng4
Nxg4 16. Bxg4 Bxg4 17. hxg4 Qc8 18. Qe2 b4 19. Nd5 bxa3 20. Nb6 Qb7 21. Nxa8
Rxa8 22. bxa3 Nd8 23. Qd3 g5 24. f3 Ne6 25. g3 Rc8 26. Rb1 Qa8 27. Rb6 a5 28.
Rfb1 Qa7 29. Rb7 Nc5 30. Rxa7 Nxd3 31. cxd3 1-0

[Event "Reykjavik Open 2015"]
[Site "Reykjavik ISL"]
[Date "2015.03.13"]
[Round "5.108"]
[White "Fjallheim, Leif Reinert"]
[Black "Johansen, Lars"]
[Result "0-1"]
[WhiteElo "1525"]
[BlackElo "1855"]
[WhiteFideId "7201788"]
[BlackFideId "1506455"]
[EventDate "2015.03.10"]

1. e4 d6 2. d4 Nf6 3. Nc3 g6 4. Nf3 Bg7 5. Bg5 O-O 6. Bc4 c6 7. e5 d5 8. Bd3 Ne8
9. Qd2 Bg4 10. Nh4 Nd7 11. h3 Be6 12. Be2 c5 13. Bf4 cxd4 14. Qxd4 f6 15. Nf3
fxe5 16. Bxe5 Nxe5 17. Nxe5 Nd6 18. f4 Nf5 19. Qd3 d4 20. Ne4 Ne3 21. g3 Qa5+
22. Nd2 Bxe5 23. fxe5 Bc4 24. Qe4 Bd5 25. Qd3 Bxh1 26. Qb3+ Bd5 27. Qb5 Qxb5 28.
Bxb5 Nxc2+ 29. Ke2 Nxa1 30. Kd3 a6 31. Bd7 Rad8 32. e6 Bc6 33. Bxc6 bxc6 34. Nc4
Rf3+ 35. Ke4 Re3+ 36. Kf4 Rxe6 0-1

[Event "Reykjavik Open 2015"]
[Site "Reykjavik ISL"]
[Date "2015.03.13"]
[Round "5.109"]
[White "D'Aste, Federico"]
[Black "Birkisson, Bjorn Holm"]
[Result "0-1"]
[WhiteElo "1499"]
[BlackElo "1845"]
[WhiteFideId "899216"]
[BlackFideId "2310600"]
[EventDate "2015.03.10"]

1. e4 e5 2. Nf3 Nc6 3. Bc4 Bc5 4. c3 Nf6 5. d4 exd4 6. cxd4 Bb4+ 7. Nc3 Nxe4 8.
O-O Bxc3 9. d5 Ne5 10. bxc3 Nxc4 11. Qd4 O-O 12. Qxc4 Nd6 13. Qd3 b6 14. Re1 Bb7
15. Bg5 f6 16. Bf4 Nf7 17. c4 c5 18. d6 Bxf3 19. Qxf3 Kh8 20. Re7 Ng5 21. Qb7
Qc8 22. Qxd7 Qxd7 23. Rxd7 h6 24. Re1 Rfd8 25. Rc7 Kg8 26. Ree7 Kf8 27. Rxg7
Rdc8 28. Rg6 Rxc7 29. dxc7 Kf7 30. Rxh6 Kg7 31. Bxg5 fxg5 32. Rc6 Rc8 33. g3 Kf7
34. h4 gxh4 35. gxh4 Ke7 36. Rh6 Kd7 37. Rh7+ Kc6 38. Kf1 Re8 39. h5 b5 40.
cxb5+ Kd6 41. c8=Q Rxc8 42. Rxa7 Rh8 43. a4 Rxh5 44. Ra8 Kc7 45. Kg2 c4 46. Ra6
Rc5 47. Re6 c3 48. Re1 Kb6 49. f4 Ka5 50. Rc1 c2 51. Kf2 Kxa4 52. b6 Kb3 53. b7
Rb5 54. Ke2 Kc3 55. f5 Rxb7 56. Ke3 Rb4 57. Kf3 Kd2 58. Rxc2+ Kxc2 59. Ke3 Kb3
60. Kf3 Ka4 61. Ke3 Kb5 62. Kf3 Kc6 63. Ke3 Kd6 64. Kf3 Ke5 65. Ke3 Kxf5 66. Kd3
Ke5 67. Kc3 Rd4 68. Kb3 Kd5 69. Kc3 Kc5 70. Kc2 Kb4 71. Kb2 Rd2+ 72. Kb1 Kb3 73.
Kc1 Kc3 74. Kb1 Rh2 0-1

[Event "Reykjavik Open 2015"]
[Site "Reykjavik ISL"]
[Date "2015.03.13"]
[Round "5.110"]
[White "Finnsson, Johann Arnar"]
[Black "Andersen, Dag"]
[Result "0-1"]
[WhiteElo "1491"]
[BlackElo "1843"]
[WhiteFideId "2308240"]
[BlackFideId "1504568"]
[EventDate "2015.03.10"]

1. e4 c5 2. Nc3 e6 3. d3 Nc6 4. g3 Be7 5. Bg2 d6 6. Nge2 Nf6 7. O-O O-O 8. f4 a6
9. Be3 Ng4 10. Bd2 Qc7 11. h3 Nf6 12. g4 b5 13. a4 b4 14. Nb1 Bb7 15. b3 Rad8
16. Bc1 Ne8 17. f5 Bf6 18. Ra2 exf5 19. Rxf5 Ne7 20. Rf1 d5 21. exd5 Nxd5 22.
Nf4 Bd4+ 23. Kh1 Nxf4 24. Bxf4 Bxg2+ 25. Kxg2 Qc6+ 26. Qf3 Qg6 27. Be3 Nc7 28.
Bxd4 Rxd4 29. Nd2 Ne6 30. Qe3 f5 31. Nf3 Nf4+ 32. Kh2 Re8 33. Ne5 Qd6 34. Rxf4
Rxe5 35. Rxd4 cxd4 36. Qg1 Re2+ 37. Kh1 Qd5+ 38. Qg2 Qxg2# 0-1

[Event "Reykjavik Open 2015"]
[Site "Reykjavik ISL"]
[Date "2015.03.13"]
[Round "5.111"]
[White "Sigurvaldason, Hjalmar"]
[Black "Haraldsson, Sigurjon"]
[Result "0-1"]
[WhiteElo "1450"]
[BlackElo "1833"]
[WhiteFideId "2306018"]
[BlackFideId "2303655"]
[EventDate "2015.03.10"]

1. d4 Nf6 2. Bg5 d5 3. Bxf6 exf6 4. e3 c6 5. c4 dxc4 6. Bxc4 Bb4+ 7. Nc3 O-O 8.
Ne2 Bg4 9. f3 Bc8 10. O-O b5 11. Bb3 Bb7 12. Bc2 g6 13. a3 Be7 14. b4 a5 15.
bxa5 Rxa5 16. a4 b4 17. Ne4 f5 18. Nd2 Rd5 19. Bb3 Rd7 20. Nc4 Bf6 21. Ra2 c5
22. Rd2 Re8 23. a5 Ba6 24. Ba4 Bxc4 25. Bxd7 Qxd7 26. dxc5 Qe7 27. e4 Qxc5+ 28.
Kh1 Bc3 29. Rd8 Qe7 30. Rxe8+ Qxe8 31. Nxc3 bxc3 32. Re1 fxe4 33. Rxe4 Be6 34.
Qc2 Qb5 35. Kg1 Qxa5 36. h3 Bf5 37. Re8+ Kg7 38. Qc1 Nd7 39. Re1 Ne5 40. f4 Nd3
41. Qa1 Qc5+ 0-1

[Event "Reykjavik Open 2015"]
[Site "Reykjavik ISL"]
[Date "2015.03.13"]
[Round "5.112"]
[White "Lurdalen, Svein Erik"]
[Black "Hauksdottir, Hrund"]
[Result "0-1"]
[WhiteElo "1824"]
[BlackElo "1692"]
[WhiteFideId "1519476"]
[BlackFideId "2302608"]
[EventDate "2015.03.10"]

1. e4 e5 2. Nf3 Nc6 3. Bc4 Bc5 4. b4 Bxb4 5. c3 Ba5 6. d4 exd4 7. O-O Nf6 8. e5
d5 9. Bb5 Ne4 10. Nxd4 Bd7 11. Bxc6 bxc6 12. Qd3 O-O 13. Ba3 Re8 14. f3 Ng5 15.
Nd2 Bb6 16. f4 Ne6 17. Kh1 Qh4 18. g3 Qh3 19. N2f3 Rad8 20. Qe2 Nxd4 21. cxd4
Bg4 22. Qd2 Qh5 23. Nh4 Bh3 24. Rfc1 Re6 25. Bb4 Rh6 26. Rc3 Qg4 27. Rg1 Re8 28.
a4 a5 29. Ba3 f6 30. Re3 fxe5 31. fxe5 Bxd4 32. Rge1 Bxe3 33. Rxe3 Qxa4 34. Nf3
Qc4 35. Re1 Qb3 36. Re3 Qb1+ 37. Ng1 Bf5 38. h4 Be4+ 39. Kh2 Qc2 0-1

[Event "Reykjavik Open 2015"]
[Site "Reykjavik ISL"]
[Date "2015.03.13"]
[Round "5.113"]
[White "Stuhr, Finn"]
[Black "Rist, Karl-Johan"]
[Result "1-0"]
[WhiteElo "1823"]
[BlackElo "1677"]
[WhiteFideId "1400789"]
[BlackFideId "1506900"]
[EventDate "2015.03.10"]

1. e4 e6 2. d4 d5 3. e5 c5 4. c3 c4 5. f4 Nc6 6. Nf3 Bd7 7. Qc2 f5 8. exf6 Nxf6
9. Nbd2 Ng4 10. Ke2 Qc7 11. h3 Nh6 12. g4 Bd6 13. Ne5 Nxe5 14. fxe5 Be7 15. Bg2
Nf7 16. Nf3 O-O-O 17. a4 Rdf8 18. b3 g5 19. Nd2 h5 20. Ba3 Bxa3 21. Rxa3 hxg4
22. hxg4 Rxh1 23. Bxh1 Nxe5 24. dxe5 Qxe5+ 25. Kd1 Rf2 26. Bf3 Qh2 27. Kc1 Qg1+
28. Qd1 Qh2 29. bxc4 Qf4 30. cxd5 exd5 31. c4 Qd6 32. Qb3 Qf4 33. Qe3 Qxe3 34.
Rxe3 dxc4 35. Rc3 Bxa4 36. Rxc4+ Bc6 37. Bxc6 bxc6 38. Rxc6+ Kb7 39. Rg6 a5 40.
Rxg5 Rf4 41. Rg6 a4 42. Nb1 Rb4 43. g5 Kc7 44. Nc3 Rg4 45. Nd5+ Kb7 46. Rb6+ Ka7
47. g6 Rc4+ 48. Kb2 Rc5 49. Rd6 1-0

[Event "Reykjavik Open 2015"]
[Site "Reykjavik ISL"]
[Date "2015.03.13"]
[Round "5.114"]
[White "Mai, Aron Thor"]
[Black "Nicholson, John"]
[Result "1/2-1/2"]
[WhiteElo "1320"]
[BlackElo "1808"]
[WhiteFideId "2313383"]
[BlackFideId "2501724"]
[EventDate "2015.03.10"]

1. e4 e6 2. d4 d5 3. Nd2 Be7 4. Bd3 Nf6 5. e5 Nfd7 6. Ne2 c5 7. c3 Nc6 8. Nf3 f6
9. exf6 Nxf6 10. O-O O-O 11. Bc2 e5 12. Nxe5 Nxe5 13. dxe5 Ng4 14. f4 c4 15. h3
Bc5+ 16. Nd4 Nh6 17. g4 Qh4 18. Qf3 Bxg4 19. hxg4 Nxg4 20. Qh1 Qxh1+ 21. Kxh1
Rae8 22. Kg2 g5 23. Bd2 gxf4 24. Bxf4 Nxe5 25. Bxe5 Rxe5 26. Rxf8+ Bxf8 27. Kf3
Bc5 28. Rg1+ Kf7 29. Rh1 h5 30. Rg1 b5 31. Rg2 a6 32. Bg6+ Kf6 33. Bc2 Kf7 34.
Bg6+ Kf6 35. Bh7 a5 36. Nxb5 Re3+ 37. Kf4 Re7 38. Bc2 Be3+ 39. Kf3 Bc1 40. Bd1
Re3+ 41. Kf2 Rd3 1/2-1/2

[Event "Reykjavik Open 2015"]
[Site "Reykjavik ISL"]
[Date "2015.03.13"]
[Round "5.115"]
[White "Hansen, Tommy"]
[Black "Thoroddsen, Arni"]
[Result "1-0"]
[WhiteElo "1807"]
[BlackElo "1611"]
[WhiteFideId "1511009"]
[BlackFideId "2309203"]
[EventDate "2015.03.10"]

1. e4 e6 2. Nf3 Nf6 3. Nc3 Bb4 4. e5 Bxc3 5. bxc3 Nd5 6. c4 Ne7 7. d4 c5 8. c3
d5 9. exd6 Qxd6 10. Ba3 Na6 11. Bd3 Nc6 12. O-O O-O 13. Rb1 Kh8 14. Re1 f5 15.
Ng5 e5 16. Qh5 Qh6 17. Nf7+ Rxf7 18. Qxf7 Qe6 19. Qxe6 Bxe6 20. d5 e4 21. Be2 b6
22. Rbd1 Ne5 23. dxe6 Nc7 24. Rd6 Re8 25. Red1 Kg8 26. Rd8 Kf8 27. R1d6 Ke7 28.
Rxe8+ Kxe8 29. Bc1 Ke7 30. Rd1 Nxe6 31. f3 g5 32. fxe4 f4 33. Rd5 Kf6 34. Kf2 h6
35. a4 Nc6 36. Bg4 Ke7 37. Bxe6 Kxe6 38. h4 Ne5 39. hxg5 hxg5 40. Ke2 a6 41. a5
Nxc4 42. axb6 Nxb6 43. Rxg5 Na4 44. Kd3 Kf6 45. Rf5+ Kg6 46. Ba3 a5 47. Bxc5
Nb2+ 48. Kd4 a4 49. Rxf4 Kg5 50. Rf3 a3 51. Bxa3 1-0

[Event "Reykjavik Open 2015"]
[Site "Reykjavik ISL"]
[Date "2015.03.13"]
[Round "5.116"]
[White "Ontiveros, John"]
[Black "Klofsrud, August"]
[Result "0-1"]
[WhiteElo "1774"]
[BlackElo "1571"]
[WhiteFideId "2303981"]
[BlackFideId "1518232"]
[EventDate "2015.03.10"]

1. d4 Nf6 2. c4 e6 3. Nc3 Bb4 4. Qc2 c5 5. a3 Bxc3+ 6. Qxc3 cxd4 7. Qxd4 Nc6 8.
Qc3 O-O 9. Nf3 d5 10. Bg5 d4 11. Nxd4 Qxd4 12. Bxf6 Qxf6 13. Qxf6 gxf6 14. h4 e5
15. Rc1 Be6 16. Rc3 Rfd8 17. g4 Kf8 18. g5 f5 19. Bg2 Rd4 20. Rb3 Rad8 21. O-O
Na5 22. Rb5 b6 23. b3 Rxh4 24. Rxe5 Nxb3 25. Rb1 Nd2 26. Ra1 Nxc4 27. Rb5 Rg4
28. Rb4 Bd5 29. f3 Rxg5 30. Kf2 f4 31. Rh1 Ne3 32. Rh2 Bc4 0-1

[Event "Reykjavik Open 2015"]
[Site "Reykjavik ISL"]
[Date "2015.03.13"]
[Round "5.117"]
[White "Nilsen, Tobias Lang"]
[Black "Davidsson, Oskar Vikingur"]
[Result "1-0"]
[WhiteElo "1761"]
[BlackElo "1454"]
[WhiteFideId "1521624"]
[BlackFideId "2310627"]
[EventDate "2015.03.10"]

1. e4 c5 2. c3 d5 3. exd5 Qxd5 4. d4 Nf6 5. Nf3 Bg4 6. Be2 e6 7. Be3 Nbd7 8. Na3
a6 9. Nc2 Be7 10. h3 Bh5 11. O-O O-O 12. Nce1 Rac8 13. Nd3 cxd4 14. cxd4 Bg6 15.
Nf4 Qa5 16. Nxg6 hxg6 17. Qb3 Qb6 18. Qxb6 Nxb6 19. Rac1 Nbd5 20. Rfd1 b5 21.
Rxc8 Rxc8 22. Rc1 Rxc1+ 23. Bxc1 Bd6 24. a4 Nc7 25. axb5 axb5 26. Bd2 b4 27. Ne1
Nfd5 28. Nd3 Kf8 29. Kf1 Ke8 30. Ke1 Kd7 31. Kd1 Kc6 32. Kc2 Nb5 33. Be3 Nbc7
34. Kb3 f6 35. Bf3 Kb5 36. Bd2 Ka5 37. Be4 Nb5 38. Be3 g5 39. Nc5 Bxc5 40. dxc5
Nbc7 41. Kc4 Ne7 42. c6 Na6 43. Bc5 Nc8 44. Bf8 f5 45. Bf3 g6 46. Bh6 e5 47.
Bxg5 Nb6+ 48. Kb3 Nc5+ 49. Kc2 b3+ 50. Kd2 Kb5 51. c7 Ne6 52. Bd8 e4 53. Bd1 Nc5
54. Be7 Ne6 55. Bxb3 Nxc7 56. Bd8 1-0